00960nam a2200205 4500003000800000005001700008008004100025040002600066041000800092092002500100100003000125245025200155260003800407300001700445502013900462504004200601830008100643942001300724999001700737DO-SdUA20250325093547.0 s2024 dr a|| |||| 0 |a||0|spa d aDO-SdUAbspacDO-SdUA0 aspa aMA-EFD 0013 FCE 20241 aCorporán Tiburcio, Joel10aEstrategia didáctica para la enseñanza del dribling en baloncesto y su impacto en el aprendizaje de los estudiantes de 1ero de secundaria de la Escuela Sabana Toro, Distrito Educativo 04-03, año escolar 2023-2024 /cJoel Corporán Tiburcio. aSan Cristóbal :bUASD, c2024.  a82 h. :bil. a Tesis y trabajo de grado (Maestría en Geografía para Educadores)--Universidad Autónoma de Santo Domingo, San Cristóbal, 2024. aIncluye referencias bibliográficas. aTesis y disertaciones académicas (Universidad Autónoma de Santo Domingo) 2clcTn0 c13331d13331